| 000 | 00983nam a22002177a 4500 | ||
|---|---|---|---|
| 003 | PILC | ||
| 005 | 20240419135547.0 | ||
| 008 | 240419b |||||||| |||| 00| 0 eng d | ||
| 010 | _aAcc#48840 | ||
| 020 | _a0913573728 | ||
| 040 | _cPhilippine Baptist Theological Seminary | ||
| 050 |
_aBV 3777.N56 _bR5 1988 |
||
| 100 |
_aRiss, Richard M. _eAuthor |
||
| 245 | _aA survey of 20th-century revival movements in north America / | ||
| 264 |
_aPeabody, Massachusetts, U.S.A. : _bHendrickson Publishers, _c©1988. |
||
| 300 |
_a202 pages ; _c22 cm. |
||
| 504 | _aIncludes bibliographical references. | ||
| 505 | _aThe background of twentieth-century revivals -- The worldwide awakening of 1904-1906 -- The early Pentecostal revival -- The aftermath-early Pentecostalism -- The healing and latter rain movements -- The mid-twentieth-century evangelical awakening -- The revival of the 1960s and 1970s -- | ||
| 650 |
_aRevivals _zNorth America _xHistory _y20th century |
||
| 942 |
_2lcc _cCB |
||
| 999 |
_c74976 _d74976 |
||